000 00789nam a2200205Ii 4500
003 JO-AjNU
008 230605s9999||||xx |||||||||||||| ||und||
017 _a1996/4/503
040 _aJO-AjNU
_bara
_erda
_cJO-AjNU
041 _aara
050 1 4 _aHF5686.C7.D2464 1996
100 3 _a دهمش، نعيم حسني,
_eauthor
_945710
245 0 0 _aقائمة التدفقات النقدية من الناحية العلمية والعملية
264 3 1 _aعمان: المؤلف، 1996
300 _a356ص
_bيحتوي على مصطلحات المحاسبة وببلوغرافية من ص337-356ص
336 _atext
_btxt
_2rdacontent
337 _aunmediated
_bn
_2rdamedia
338 _avolume
_bnc
_2rdacarrier
650 4 _aالمحاسبة - التقارير المالية
_945711
999 _aA19834
_c23402
_d23402